Statistics for Most Populated States/Provinces in North America Map Quiz

Click here to take the quiz!

General Stats

  • This quiz has been taken 88 times
  • The average score is 26 of 32

Answers on the Map

Answers color-coded by a green-red scale on the quiz's map according to % correct below.
 

Answer Stats

State% Correct
Florida
99%
Texas
97%
California
96%
Virginia
96%
Washington
96%
Georgia
95%
Ontario
95%
Pennsylvania
95%
Quebec
95%
Illinois
93%
Michigan
93%
New York
93%
North Carolina
92%
Ohio
92%
Indiana
91%
Massachusetts
91%
New Jersey
91%
Wisconsin
91%
Minnesota
89%
Arizona
88%
Maryland
88%
South Carolina
88%
Colorado
87%
Mexico
84%
Missouri
84%
Tennessee
83%
Jalisco
37%
Veracruz
36%
Nuevo Leon
35%
Puebla
35%
Chiapas
29%
Guanajuato
15%

Score Distribution

Percentile by Number Answered

Percent of People with Each Score

Your Score History

You have not taken this quiz